000 00310nam a2200157Ia 4500
100 _aArcher/Jeffrey
650 _aFiction
942 _cBK
366 _f20
245 _aOnly time will tell
260 _bPan Books
_c2011
082 _bARC
300 _a387
546 _aENGLISH
_cComputers
999 _c18418
_d18418